000
00304nam a2200121Ia 4500
005
20251222154330.0
008
251222s9999||||xx |||||||||||||| ||spa||
082
_a
630.98/Y89
100
_a
Yudelman, Montague
245
0
_a
El desarrollo agrycola en Amyrica Latina
264
_b
D.F.CEMLA
942
_c
LIB
999
_c
34105
_d
34105